[Event "DEM U16 2024"]
[Site "Willingen GER"]
[Date "2024.05.22"]
[Round "6"]
[White "Haubold, Christian"]
[Black "Lübke, Florentin"]
[Result "1-0"]
[Termination "normal"]
[Board "7"]
[WhiteElo "2051"]
[BlackElo "2207"]
[WhiteClock "00:25:15"]
[BlackClock "00:20:03"]
[PlyCount "67"]
[WhiteFideId "16259629"]
[BlackFideId "16281799"]
[EventCountry "GER"]
[EventRounds "9"]
[EventType "swiss"]
[EventDate "2024.05.18"]

1. e4 {[%clk 01:30:57]} {[%emt 00:00:02]} c5 {[%clk 01:30:56]} {[%emt
00:00:04]} 2. Nf3 {[%clk 01:31:17]} {[%emt 00:00:11]} Nc6 {[%clk 01:31:21]}
{[%emt 00:00:05]} 3. d4 {[%clk 01:31:38]} {[%emt 00:00:08]} cxd4 {[%clk
01:31:47]} {[%emt 00:00:05]} 4. Nxd4 {[%clk 01:32:02]} {[%emt 00:00:06]} Nf6
{[%clk 01:32:11]} {[%emt 00:00:05]} 5. Nc3 {[%clk 01:32:12]} {[%emt 00:00:20]}
d6 {[%clk 01:32:21]} {[%emt 00:00:20]} 6. Be3 {[%clk 01:30:51]} {[%emt
00:01:51]} Ng4 {[%clk 01:32:36]} {[%emt 00:00:14]} 7. Bb5 {[%clk 01:28:06]}
{[%emt 00:03:16]} Nxe3 {[%clk 01:26:36]} {[%emt 00:06:30]} 8. Nxc6 {[%clk
01:23:23]} {[%emt 00:05:13]} Qd7 {[%clk 01:15:52]} {[%emt 00:11:14]} 9. Nxa7
{[%clk 01:14:38]} {[%emt 00:09:14]} Nxd1 {[%clk 01:10:08]} {[%emt 00:06:14]}
10. Nxc8 {[%clk 01:14:57]} {[%emt 00:00:12]} Nxc3 {[%clk 01:06:37]} {[%emt
00:04:01]} 11. Bxd7+ {[%clk 01:15:13]} {[%emt 00:00:14]} Kxd7 {[%clk 01:06:41]}
{[%emt 00:00:25]} 12. Nb6+ {[%clk 01:15:35]} {[%emt 00:00:08]} Kc6 {[%clk
01:06:45]} {[%emt 00:00:26]} 13. Nxa8 {[%clk 01:15:56]} {[%emt 00:00:09]} Nxe4
{[%clk 01:06:19]} {[%emt 00:00:56]} 14. f3 {[%clk 00:53:11]} {[%emt 00:23:16]}
Nc5 {[%clk 01:04:11]} {[%emt 00:02:38]} 15. b4 {[%clk 00:42:07]} {[%emt
00:11:35]} Nd7 {[%clk 00:53:54]} {[%emt 00:10:47]} 16. b5+ {[%clk 00:39:52]}
{[%emt 00:02:45]} Kxb5 {[%clk 00:52:20]} {[%emt 00:02:04]} 17. a4+ {[%clk
00:38:28]} {[%emt 00:01:55]} Kc6 {[%clk 00:52:16]} {[%emt 00:00:34]} 18. a5
{[%clk 00:37:53]} {[%emt 00:01:04]} g6 {[%clk 00:49:33]} {[%emt 00:03:12]} 19.
Nb6 {[%clk 00:37:13]} {[%emt 00:01:10]} Nxb6 {[%clk 00:43:52]} {[%emt
00:06:12]} 20. axb6 {[%clk 00:37:35]} {[%emt 00:00:08]} Bg7 {[%clk 00:43:44]}
{[%emt 00:00:37]} 21. Ra4 {[%clk 00:36:31]} {[%emt 00:01:35]} Kxb6 {[%clk
00:43:15]} {[%emt 00:00:59]} 22. Kd2 {[%clk 00:36:11]} {[%emt 00:00:50]} Rb8
{[%clk 00:42:17]} {[%emt 00:01:27]} 23. Rc4 {[%clk 00:34:50]} {[%emt 00:01:51]}
Bf6 {[%clk 00:34:48]} {[%emt 00:07:58]} 24. c3 {[%clk 00:31:27]} {[%emt
00:03:54]} Ka5 {[%clk 00:26:09]} {[%emt 00:09:09]} 25. Kd3 {[%clk 00:28:32]}
{[%emt 00:03:25]} b5 {[%clk 00:23:53]} {[%emt 00:02:47]} 26. Rc6 {[%clk
00:28:44]} {[%emt 00:00:17]} b4 {[%clk 00:24:10]} {[%emt 00:00:13]} 27. Ra1+
{[%clk 00:29:04]} {[%emt 00:00:11]} Kb5 {[%clk 00:24:17]} {[%emt 00:00:23]} 28.
Rc4 {[%clk 00:29:24]} {[%emt 00:00:09]} Rb6 {[%clk 00:22:11]} {[%emt 00:02:37]}
29. Rb1 {[%clk 00:28:13]} {[%emt 00:01:42]} b3 {[%clk 00:20:54]} {[%emt
00:01:46]} 30. Rxb3+ {[%clk 00:27:58]} {[%emt 00:00:45]} Ka6 {[%clk 00:21:18]}
{[%emt 00:00:07]} 31. Rxb6+ {[%clk 00:27:41]} {[%emt 00:00:47]} Kxb6 {[%clk
00:21:42]} {[%emt 00:00:06]} 32. Rc8 {[%clk 00:28:05]} {[%emt 00:00:05]} Be5
{[%clk 00:19:47]} {[%emt 00:02:25]} 33. Rf8 {[%clk 00:25:50]} {[%emt 00:02:45]}
f5 {[%clk 00:20:03]} {[%emt 00:00:14]} 34. Rf7 {[%clk 00:25:15]} {[%emt
00:01:05]} 1-0

[Event "DEM U16 2024"]
[Site "Willingen GER"]
[Date "2024.05.22"]
[Round "6"]
[White "Helms, Finn"]
[Black "Wunderlich, Elias"]
[Result "1/2-1/2"]
[Termination "normal"]
[Board "8"]
[WhiteElo "2044"]
[BlackElo "2007"]
[WhiteClock "00:05:24"]
[BlackClock "00:05:26"]
[PlyCount "109"]
[WhiteFideId "16249143"]
[BlackFideId "34608087"]
[EventCountry "GER"]
[EventRounds "9"]
[EventType "swiss"]
[EventDate "2024.05.18"]

1. e4 {[%clk 01:30:59]} {[%emt 00:00:01]} e6 {[%clk 01:30:57]} {[%emt
00:00:03]} 2. d4 {[%clk 01:31:25]} {[%emt 00:00:04]} d5 {[%clk 01:31:25]}
{[%emt 00:00:03]} 3. Nd2 {[%clk 01:31:49]} {[%emt 00:00:05]} c5 {[%clk
01:31:54]} {[%emt 00:00:01]} 4. exd5 {[%clk 01:32:06]} {[%emt 00:00:12]} Qxd5
{[%clk 01:32:22]} {[%emt 00:00:02]} 5. Ngf3 {[%clk 01:32:26]} {[%emt 00:00:10]}
Nf6 {[%clk 01:32:49]} {[%emt 00:00:04]} 6. Bc4 {[%clk 01:31:03]} {[%emt
00:01:53]} Qd6 {[%clk 01:33:17]} {[%emt 00:00:01]} 7. O-O {[%clk 01:31:05]}
{[%emt 00:00:28]} a6 {[%clk 01:32:49]} {[%emt 00:00:59]} 8. dxc5 {[%clk
01:16:05]} {[%emt 00:15:29]} Qxc5 {[%clk 01:33:10]} {[%emt 00:00:09]} 9. Bd3
{[%clk 01:14:11]} {[%emt 00:02:24]} Nbd7 {[%clk 01:31:55]} {[%emt 00:01:46]}
10. a3 {[%clk 01:08:38]} {[%emt 00:06:03]} Be7 {[%clk 01:18:25]} {[%emt
00:13:59]} 11. b4 {[%clk 01:08:09]} {[%emt 00:01:00]} Qc7 {[%clk 01:18:54]}
{[%emt 00:00:01]} 12. Bb2 {[%clk 01:07:05]} {[%emt 00:01:33]} O-O {[%clk
01:18:39]} {[%emt 00:00:46]} 13. c4 {[%emt 00:04:25]} a5 {[%clk 01:18:16]}
{[%emt 00:00:52]} 14. Qb3 {[%clk 01:00:17]} {[%emt 00:03:25]} Nh5 {[%clk
01:15:34]} {[%emt 00:03:12]} 15. Rfe1 {[%clk 00:54:10]} {[%emt 00:06:36]} Bf6
{[%clk 01:06:02]} {[%emt 00:10:02]} 16. c5 {[%clk 00:43:07]} {[%emt 00:11:32]}
Bxb2 {[%clk 01:05:43]} {[%emt 00:00:50]} 17. Qxb2 {[%clk 00:43:27]} {[%emt
00:00:11]} Nf4 {[%clk 01:05:50]} {[%emt 00:00:22]} 18. Be4 {[%clk 00:41:23]}
{[%emt 00:02:33]} Nf6 {[%clk 01:03:53]} {[%emt 00:02:27]} 19. Qe5 {[%clk
00:36:40]} {[%emt 00:05:13]} Qxe5 {[%clk 01:03:57]} {[%emt 00:00:26]} 20. Nxe5
{[%clk 00:37:06]} {[%emt 00:00:03]} axb4 {[%clk 00:57:28]} {[%emt 00:07:00]}
21. axb4 {[%clk 00:36:32]} {[%emt 00:01:04]} Rxa1 {[%clk 00:57:53]} {[%emt
00:00:05]} 22. Rxa1 {[%clk 00:36:59]} {[%emt 00:00:02]} Rd8 {[%clk 00:58:06]}
{[%emt 00:00:17]} 23. Nec4 {[%clk 00:36:17]} {[%emt 00:01:12]} N4d5 {[%clk
00:51:35]} {[%emt 00:07:02]} 24. Nd6 {[%clk 00:29:38]} {[%emt 00:07:09]} Bd7
{[%clk 00:47:36]} {[%emt 00:04:29]} 25. Bxd5 {[%clk 00:23:39]} {[%emt
00:06:29]} Nxd5 {[%clk 00:47:31]} {[%emt 00:00:34]} 26. b5 {[%clk 00:22:29]}
{[%emt 00:01:40]} Rb8 {[%clk 00:40:18]} {[%emt 00:07:43]} 27. Ra7 {[%clk
00:17:08]} {[%emt 00:05:51]} Ne7 {[%clk 00:24:03]} {[%emt 00:16:46]} 28. c6
{[%clk 00:12:20]} {[%emt 00:05:18]} Nxc6 {[%clk 00:23:46]} {[%emt 00:00:47]}
29. bxc6 {[%clk 00:12:31]} {[%emt 00:00:19]} Bxc6 {[%clk 00:24:14]} {[%emt
00:00:02]} 30. f3 {[%clk 00:11:52]} {[%emt 00:01:08]} Kf8 {[%clk 00:22:36]}
{[%emt 00:02:09]} 31. Ra2 {[%clk 00:07:58]} {[%emt 00:04:24]} Ke7 {[%clk
00:15:28]} {[%emt 00:07:38]} 32. N6e4 {[%clk 00:07:35]} {[%emt 00:00:53]} f5
{[%clk 00:14:37]} {[%emt 00:01:22]} 33. Nc3 {[%clk 00:07:17]} {[%emt 00:00:47]}
Rc8 {[%clk 00:13:38]} {[%emt 00:01:29]} 34. Ra3 {[%clk 00:03:10]} {[%emt
00:04:37]} g5 {[%clk 00:12:57]} {[%emt 00:01:11]} 35. Kf2 {[%clk 00:03:10]}
{[%emt 00:00:30]} g4 {[%clk 00:11:56]} {[%emt 00:01:31]} 36. Rb3 {[%clk
00:03:18]} {[%emt 00:00:22]} Rd8 {[%clk 00:11:43]} {[%emt 00:00:44]} 37. Nc4
{[%clk 00:03:09]} {[%emt 00:00:39]} gxf3 {[%clk 00:10:13]} {[%emt 00:02:00]}
38. gxf3 {[%clk 00:03:27]} {[%emt 00:00:12]} Kf6 {[%clk 00:09:08]} {[%emt
00:01:34]} 39. Na5 {[%clk 00:01:36]} {[%emt 00:02:21]} Rd2+ {[%clk 00:05:49]}
{[%emt 00:03:50]} 40. Kg3 {[%clk 00:01:54]} {[%emt 00:00:12]} Bd7 {[%clk
00:02:45]} {[%emt 00:03:33]} 41. Nb1 {[%clk 00:26:11]} {[%emt 00:06:14]} Ra2
{[%clk 00:22:45]} {[%emt 00:10:29]} 42. Rxb7 {[%clk 00:24:51]} {[%emt
00:01:50]} Bc8 {[%clk 00:22:03]} {[%emt 00:01:12]} 43. Rb8 {[%clk 00:22:32]}
{[%emt 00:02:49]} Bd7 {[%clk 00:19:12]} {[%emt 00:03:22]} 44. Nc4 {[%clk
00:20:51]} {[%emt 00:02:11]} e5 {[%clk 00:10:02]} {[%emt 00:09:41]} 45. Nbd2
{[%clk 00:19:57]} {[%emt 00:01:23]} Be6 {[%clk 00:09:13]} {[%emt 00:01:19]} 46.
Rb2 {[%clk 00:19:22]} {[%emt 00:01:04]} Ra4 {[%clk 00:08:34]} {[%emt 00:01:10]}
47. Rc2 {[%clk 00:19:11]} {[%emt 00:00:41]} h5 {[%clk 00:08:02]} {[%emt
00:01:02]} 48. Kf2 {[%clk 00:15:14]} {[%emt 00:04:26]} Ra7 {[%clk 00:06:42]}
{[%emt 00:01:51]} 49. Ne3 {[%clk 00:12:40]} {[%emt 00:03:05]} Rg7 {[%clk
00:06:03]} {[%emt 00:01:09]} 50. Rc6 {[%clk 00:12:38]} {[%emt 00:00:31]} Rd7
{[%clk 00:05:37]} {[%emt 00:00:56]} 51. Ke2 {[%clk 00:11:33]} {[%emt 00:01:35]}
Rd4 {[%clk 00:05:30]} {[%emt 00:00:37]} 52. Rc1 {[%clk 00:09:02]} {[%emt
00:03:01]} Rh4 {[%clk 00:05:42]} {[%emt 00:00:19]} 53. Rh1 {[%clk 00:08:29]}
{[%emt 00:01:02]} Bd7 {[%clk 00:05:32]} {[%emt 00:00:39]} 54. Ng2 {[%clk
00:05:24]} {[%emt 00:03:36]} Bb5+ {[%clk 00:05:26]} {[%emt 00:00:36]} 55. Ke1
1/2-1/2

[Event "DEM U16 2024"]
[Site "Willingen GER"]
[Date "2024.05.22"]
[Round "6"]
[White "Mester, Philipp"]
[Black "Karle, Sam"]
[Result "1/2-1/2"]
[Termination "normal"]
[Board "9"]
[WhiteElo "1975"]
[BlackElo "2070"]
[WhiteClock "00:47:07"]
[BlackClock "00:17:45"]
[PlyCount "105"]
[WhiteFideId "34624902"]
[BlackFideId "16290089"]
[EventCountry "GER"]
[EventRounds "9"]
[EventType "swiss"]
[EventDate "2024.05.18"]

1. c4 {[%clk 01:30:58]} {[%emt 00:00:02]} e6 {[%clk 01:30:48]} {[%emt
00:00:11]} 2. d4 {[%clk 01:31:16]} {[%emt 00:00:12]} Nf6 {[%clk 01:30:59]}
{[%emt 00:00:20]} 3. Nc3 {[%clk 01:31:33]} {[%emt 00:00:13]} d5 {[%clk
01:31:12]} {[%emt 00:00:17]} 4. cxd5 {[%clk 01:31:58]} {[%emt 00:00:06]} exd5
{[%clk 01:31:33]} {[%emt 00:00:08]} 5. Bg5 {[%clk 01:32:17]} {[%emt 00:00:11]}
c6 {[%clk 01:31:36]} {[%emt 00:00:27]} 6. e3 {[%clk 01:32:38]} {[%emt
00:00:10]} Be7 {[%clk 01:31:57]} {[%emt 00:00:08]} 7. Bd3 {[%clk 01:33:01]}
{[%emt 00:00:07]} Nbd7 {[%clk 01:32:11]} {[%emt 00:00:16]} 8. h3 {[%clk
01:30:32]} {[%emt 00:03:00]} h6 {[%clk 01:30:29]} {[%emt 00:02:11]} 9. Bh4
{[%clk 01:30:01]} {[%emt 00:01:01]} a5 {[%clk 01:23:52]} {[%emt 00:07:06]} 10.
Qc2 {[%clk 01:28:00]} {[%emt 00:02:32]} Nh5 {[%clk 01:21:04]} {[%emt 00:03:18]}
11. Bxe7 {[%clk 01:28:01]} {[%emt 00:00:29]} Qxe7 {[%clk 01:21:31]} {[%emt
00:00:03]} 12. Nf3 {[%clk 01:27:43]} {[%emt 00:00:48]} Nhf6 {[%clk 01:12:44]}
{[%emt 00:09:16]} 13. O-O {[%clk 01:14:11]} {[%emt 00:14:02]} O-O {[%clk
01:12:04]} {[%emt 00:01:10]} 14. a3 {[%clk 01:09:44]} {[%emt 00:04:58]} Re8
{[%clk 01:09:27]} {[%emt 00:03:05]} 15. Rab1 {[%clk 01:05:22]} {[%emt
00:04:53]} Ne4 {[%clk 00:59:22]} {[%emt 00:10:34]} 16. Na4 {[%clk 01:03:35]}
{[%emt 00:02:18]} Qd6 {[%clk 00:51:32]} {[%emt 00:08:19]} 17. b4 {[%clk
01:01:21]} {[%emt 00:02:45]} b5 {[%clk 00:51:10]} {[%emt 00:00:52]} 18. Nc5
{[%clk 01:01:35]} {[%emt 00:00:15]} Ndxc5 {[%clk 00:50:59]} {[%emt 00:00:41]}
19. dxc5 {[%clk 01:01:22]} {[%emt 00:00:44]} Qf6 {[%clk 00:46:08]} {[%emt
00:05:19]} 20. Nd4 {[%clk 01:00:01]} {[%emt 00:01:52]} axb4 {[%clk 00:42:42]}
{[%emt 00:03:56]} 21. axb4 {[%clk 01:00:15]} {[%emt 00:00:16]} Bd7 {[%clk
00:37:38]} {[%emt 00:05:33]} 22. Ra1 {[%clk 00:56:02]} {[%emt 00:04:44]} Ng5
{[%clk 00:34:38]} {[%emt 00:03:31]} 23. Bf5 {[%clk 00:51:39]} {[%emt 00:04:54]}
Ne6 {[%clk 00:32:25]} {[%emt 00:02:43]} 24. Nb3 {[%clk 00:51:18]} {[%emt
00:00:52]} g6 {[%clk 00:29:10]} {[%emt 00:03:45]} 25. Bg4 {[%clk 00:47:57]}
{[%emt 00:03:51]} h5 {[%clk 00:28:32]} {[%emt 00:01:07]} 26. Be2 {[%clk
00:48:06]} {[%emt 00:00:21]} Qh4 {[%clk 00:27:03]} {[%emt 00:01:59]} 27. Qc3
{[%clk 00:44:36]} {[%emt 00:04:01]} Ng5 {[%clk 00:19:39]} {[%emt 00:07:53]} 28.
Qd4 {[%clk 00:44:17]} {[%emt 00:00:49]} Qxd4 {[%clk 00:16:17]} {[%emt
00:03:53]} 29. Nxd4 {[%clk 00:44:36]} {[%emt 00:00:11]} Ne6 {[%clk 00:14:55]}
{[%emt 00:01:51]} 30. Nb3 {[%clk 00:43:28]} {[%emt 00:01:39]} Nc7 {[%clk
00:14:09]} {[%emt 00:01:15]} 31. Rfd1 {[%clk 00:40:16]} {[%emt 00:03:43]} Rxa1
{[%clk 00:12:45]} {[%emt 00:01:54]} 32. Rxa1 {[%clk 00:40:27]} {[%emt
00:00:20]} Ra8 {[%clk 00:13:09]} {[%emt 00:00:06]} 33. Rxa8+ {[%clk 00:40:13]}
{[%emt 00:00:45]} Nxa8 {[%clk 00:13:37]} {[%emt 00:00:01]} 34. Bd3 {[%clk
00:39:42]} {[%emt 00:01:00]} Nc7 {[%clk 00:12:48]} {[%emt 00:01:19]} 35. Nd4
{[%clk 00:39:26]} {[%emt 00:00:45]} Na6 {[%clk 00:13:06]} {[%emt 00:00:12]} 36.
Nc2 {[%clk 00:39:50]} {[%emt 00:00:05]} Kg7 {[%clk 00:11:54]} {[%emt 00:01:43]}
37. Kf1 {[%clk 00:40:02]} {[%emt 00:00:18]} g5 {[%clk 00:09:21]} {[%emt
00:03:03]} 38. Ke2 {[%clk 00:39:26]} {[%emt 00:01:07]} f5 {[%clk 00:09:22]}
{[%emt 00:00:29]} 39. Kf3 {[%clk 00:35:41]} {[%emt 00:04:15]} h4 {[%clk
00:09:04]} {[%emt 00:00:48]} 40. g3 {[%clk 00:34:51]} {[%emt 00:01:20]} hxg3
{[%clk 00:06:11]} {[%emt 00:03:23]} 41. fxg3 {[%clk 00:31:19]} {[%emt
00:04:02]} Kf6 {[%clk 00:04:11]} {[%emt 00:02:29]} 42. h4 {[%clk 00:30:03]}
{[%emt 00:01:46]} Be8 {[%clk 00:04:07]} {[%emt 00:00:34]} 43. Ke2 {[%clk
00:22:55]} {[%emt 00:07:39]} Bd7 {[%clk 00:25:40]} {[%emt 00:08:56]} 44. Kd2
{[%clk 00:51:34]} {[%emt 00:01:51]} Kg6 {[%clk 00:19:03]} {[%emt 00:07:06]} 45.
Kc3 {[%clk 00:51:26]} {[%emt 00:00:39]} gxh4 {[%clk 00:18:50]} {[%emt
00:00:42]} 46. gxh4 {[%clk 00:51:47]} {[%emt 00:00:09]} Kh5 {[%clk 00:18:53]}
{[%emt 00:00:26]} 47. Nd4 {[%clk 00:51:17]} {[%emt 00:01:01]} Kxh4 {[%clk
00:18:27]} {[%emt 00:00:57]} 48. Bxf5 {[%clk 00:49:23]} {[%emt 00:02:24]} Bxf5
{[%clk 00:18:25]} {[%emt 00:00:32]} 49. Nxf5+ {[%clk 00:49:48]} {[%emt
00:00:05]} Kg5 {[%clk 00:17:47]} {[%emt 00:01:06]} 50. Nd4 {[%clk 00:49:30]}
{[%emt 00:00:49]} Nb8 {[%clk 00:17:56]} {[%emt 00:00:21]} 51. Kd3 {[%clk
00:49:36]} {[%emt 00:00:24]} Kf6 {[%clk 00:18:06]} {[%emt 00:00:19]} 52. Ke2
{[%clk 00:48:45]} {[%emt 00:01:22]} Ke7 {[%clk 00:17:45]} {[%emt 00:00:50]} 53.
e4 {[%clk 00:47:07]} {[%emt 00:02:09]} 1/2-1/2

[Event "DEM U16 2024"]
[Site "Willingen GER"]
[Date "2024.05.22"]
[Round "6"]
[White "Möller, Maurin"]
[Black "Hoppstädter, Daniel"]
[Result "0-1"]
[Termination "normal"]
[Board "10"]
[WhiteElo "2193"]
[BlackElo "2155"]
[WhiteClock "00:28:46"]
[BlackClock "00:21:39"]
[PlyCount "104"]
[WhiteFideId "16265696"]
[BlackFideId "16243625"]
[EventCountry "GER"]
[EventRounds "9"]
[EventType "swiss"]
[EventDate "2024.05.18"]

1. e4 {[%clk 01:30:56]} {[%emt 00:00:03]} c6 {[%clk 01:30:55]} {[%emt
00:00:06]} 2. d4 {[%clk 01:31:14]} {[%emt 00:00:11]} d5 {[%clk 01:31:20]}
{[%emt 00:00:06]} 3. e5 {[%clk 01:31:31]} {[%emt 00:00:13]} Bf5 {[%clk
01:31:44]} {[%emt 00:00:05]} 4. h4 {[%clk 01:31:52]} {[%emt 00:00:09]} h5
{[%clk 01:32:09]} {[%emt 00:00:05]} 5. c4 {[%clk 01:32:13]} {[%emt 00:00:09]}
e6 {[%clk 01:32:32]} {[%emt 00:00:07]} 6. Nc3 {[%clk 01:32:25]} {[%emt
00:00:18]} Ne7 {[%clk 01:27:50]} {[%emt 00:05:12]} 7. Bg5 {[%clk 01:10:35]}
{[%emt 00:22:20]} Qc7 {[%clk 00:57:37]} {[%emt 00:30:43]} 8. Qd2 {[%clk
01:06:55]} {[%emt 00:04:10]} Nd7 {[%clk 00:56:05]} {[%emt 00:02:03]} 9. Bxe7
{[%clk 01:02:41]} {[%emt 00:04:44]} Bxe7 {[%clk 00:56:27]} {[%emt 00:00:07]}
10. cxd5 {[%clk 01:03:07]} {[%emt 00:00:05]} cxd5 {[%clk 00:53:04]} {[%emt
00:03:53]} 11. a3 {[%clk 01:02:42]} {[%emt 00:00:55]} O-O {[%clk 00:51:30]}
{[%emt 00:02:03]} 12. Rc1 {[%clk 01:02:44]} {[%emt 00:00:28]} Rac8 {[%clk
00:49:13]} {[%emt 00:02:47]} 13. Nge2 {[%clk 01:02:34]} {[%emt 00:00:40]} Qb6
{[%clk 00:43:19]} {[%emt 00:06:24]} 14. Ng3 {[%clk 00:57:50]} {[%emt 00:05:14]}
Bg6 {[%clk 00:43:31]} {[%emt 00:00:18]} 15. Be2 {[%clk 00:52:50]} {[%emt
00:05:30]} f6 {[%clk 00:41:45]} {[%emt 00:02:15]} 16. Bxh5 {[%clk 00:46:52]}
{[%emt 00:06:28]} Bxh5 {[%clk 00:41:41]} {[%emt 00:00:34]} 17. Nxh5 {[%clk
00:47:21]} {[%emt 00:00:02]} fxe5 {[%clk 00:41:57]} {[%emt 00:00:14]} 18. dxe5
{[%clk 00:47:05]} {[%emt 00:00:46]} Nxe5 {[%clk 00:39:27]} {[%emt 00:02:59]}
19. O-O {[%clk 00:41:47]} {[%emt 00:05:48]} Bxh4 {[%clk 00:26:48]} {[%emt
00:13:09]} 20. Rcd1 {[%clk 00:21:15]} {[%emt 00:21:03]} Rf5 {[%clk 00:19:50]}
{[%emt 00:07:27]} 21. Qe2 {[%clk 00:19:15]} {[%emt 00:02:30]} g6 {[%clk
00:13:27]} {[%emt 00:06:53]} 22. g3 {[%clk 00:16:58]} {[%emt 00:02:47]} Rxh5
{[%clk 00:12:52]} {[%emt 00:01:06]} 23. gxh4 {[%clk 00:16:53]} {[%emt
00:00:36]} Rf8 {[%clk 00:11:49]} {[%emt 00:01:32]} 24. Kg2 {[%clk 00:16:34]}
{[%emt 00:00:48]} Nf3 {[%clk 00:10:18]} {[%emt 00:02:02]} 25. Rh1 {[%clk
00:14:34]} {[%emt 00:02:30]} Nxh4+ {[%clk 00:10:35]} {[%emt 00:00:13]} 26. Kf1
{[%clk 00:14:00]} {[%emt 00:01:03]} Nf5 {[%clk 00:07:59]} {[%emt 00:03:06]} 27.
Rg1 {[%clk 00:12:03]} {[%emt 00:02:27]} Kh7 {[%clk 00:08:10]} {[%emt 00:00:19]}
28. Rd3 {[%clk 00:11:17]} {[%emt 00:01:17]} Rh2 {[%clk 00:06:11]} {[%emt
00:02:28]} 29. Nd1 {[%clk 00:09:58]} {[%emt 00:01:50]} d4 {[%clk 00:03:52]}
{[%emt 00:02:49]} 30. Qg4 {[%clk 00:09:03]} {[%emt 00:01:24]} e5 {[%clk
00:04:13]} {[%emt 00:00:09]} 31. Rh3+ {[%clk 00:08:28]} {[%emt 00:01:05]} Rxh3
{[%clk 00:04:36]} {[%emt 00:00:08]} 32. Qxh3+ {[%clk 00:08:55]} {[%emt
00:00:04]} Kg7 {[%clk 00:04:58]} {[%emt 00:00:07]} 33. Rh1 {[%clk 00:08:52]}
{[%emt 00:00:33]} Qb5+ {[%clk 00:04:11]} {[%emt 00:01:17]} 34. Ke1 {[%clk
00:08:46]} {[%emt 00:00:36]} Qd5 {[%clk 00:03:22]} {[%emt 00:01:19]} 35. Qh7+
{[%clk 00:06:25]} {[%emt 00:02:51]} Kf6 {[%clk 00:03:50]} {[%emt 00:00:02]} 36.
Rg1 {[%clk 00:06:50]} {[%emt 00:00:06]} Qe4+ {[%clk 00:03:49]} {[%emt
00:00:32]} 37. Kf1 {[%clk 00:06:59]} {[%emt 00:00:20]} Qd3+ {[%clk 00:03:37]}
{[%emt 00:00:42]} 38. Ke1 {[%clk 00:07:21]} {[%emt 00:00:09]} Qe4+ {[%clk
00:03:42]} {[%emt 00:00:25]} 39. Kf1 {[%clk 00:07:41]} {[%emt 00:00:10]} Nh4
{[%clk 00:03:51]} {[%emt 00:00:21]} 40. Rg3 {[%clk 00:07:04]} {[%emt 00:01:07]}
d3 {[%clk 00:03:14]} {[%emt 00:01:08]} 41. Qd7 {[%clk 00:03:40]} {[%emt
00:03:54]} Qe2+ {[%clk 00:29:43]} {[%emt 00:03:59]} 42. Kg1 {[%clk 00:34:02]}
{[%emt 00:00:09]} Qxd1+ {[%clk 00:29:56]} {[%emt 00:00:17]} 43. Kh2 {[%clk
00:34:25]} {[%emt 00:00:06]} Nf5 {[%clk 00:25:11]} {[%emt 00:05:16]} 44. Rh3
{[%clk 00:29:12]} {[%emt 00:05:43]} d2 {[%clk 00:24:50]} {[%emt 00:00:51]} 45.
Qxb7 {[%clk 00:28:51]} {[%emt 00:00:52]} Qc1 {[%clk 00:24:04]} {[%emt
00:01:15]} 46. Qa6+ {[%clk 00:28:43]} {[%emt 00:00:38]} Kg7 {[%clk 00:23:39]}
{[%emt 00:00:55]} 47. Qxa7+ {[%clk 00:28:57]} {[%emt 00:00:17]} Rf7 {[%clk
00:24:00]} {[%emt 00:00:07]} 48. Qb8 {[%clk 00:29:20]} {[%emt 00:00:09]} Nh6
{[%clk 00:20:53]} {[%emt 00:03:36]} 49. Qxe5+ {[%clk 00:29:07]} {[%emt
00:00:44]} Kh7 {[%clk 00:21:07]} {[%emt 00:00:15]} 50. Qg5 {[%clk 00:28:31]}
{[%emt 00:01:06]} Rxf2+ {[%clk 00:21:18]} {[%emt 00:00:19]} 51. Kg3 {[%clk
00:28:49]} {[%emt 00:00:13]} Qg1+ {[%clk 00:21:38]} {[%emt 00:00:09]} 52. Kh4
{[%clk 00:28:46]} {[%emt 00:00:33]} Nf5+ {[%clk 00:21:39]} {[%emt 00:00:29]}
0-1